Αγαμέμνων Μακρής
Αποθηκεύτηκε σε:
| Μορφή: | Βιβλίο |
|---|---|
| Γλώσσα: | Greek |
| Δημοσίευση: |
Αθήνα :
Εθνική Πινακοθήκη, Μουσείο Αλέξάνδρου Σούτζου,
1979
|
| Θέματα: | |
| Ετικέτες: |
Προσθήκη ετικέτας
Δεν υπάρχουν, Καταχωρήστε ετικέτα πρώτοι!
|
MARC
| LEADER | 00000nam a2200000 i 4500 | ||
|---|---|---|---|
| 001 | 1/85457 | ||
| 008 | 970324s1979 gre d | ||
| 035 | |a 1989 |b 3 |c Δωρεά |l 10034704 | ||
| 040 | |a GR-MY-UA |b gre |e aacr | ||
| 041 | 0 | |a gre | |
| 082 | 0 | |a 759.495 | |
| 245 | 1 | 0 | |a Αγαμέμνων Μακρής |
| 260 | |a Αθήνα : |b Εθνική Πινακοθήκη, |b Μουσείο Αλέξάνδρου Σούτζου, |c 1979 | ||
| 300 | |a 36 σ. | ||
| 500 | |a Άνω του τίτλου: Υπουργείο Πολιτισμού και Επιστημών | ||
| 600 | 1 | 0 | |a Μακρής, Μέμος, |d 1913-1993. |
| 650 | 0 | 0 | |a Painters |z Greece. |
| 852 | |a INST |b RHODES |e 19970324 |h 759.495 ΑΓΑ |p 005400010319 |q 005400010319 |t BK |y 0 | ||
| 909 | |a Ρ |b 014956 |c 1989 | ||
| 970 | |z 2000/08/ΔΕΜΕΝΑΓΑΣ ΠΕΤΡΟΣ | ||